We are all alike-- we are all different / (Record no. 2877)

MARC details
000 -LEADER
fixed length control field 01078pam a2200313 a 4500
005 - DATE AND TIME OF LATEST TRANSACTION
control field 20240119145422.0
020 ## - INTERNATIONAL STANDARD BOOK NUMBER
International Standard Book Number 0590491733
040 ## - CATALOGING SOURCE
Original cataloging agency DLC
Transcribing agency DLC
Modifying agency DLC
Language of cataloging eng
050 00 - LIBRARY OF CONGRESS CALL NUMBER
Classification number LC208.W4
082 00 - DEWEY DECIMAL CLASSIFICATION NUMBER
Classification number 370.196
100 ## - MAIN ENTRY--PERSONAL NAME
Personal name Cheltenham
245 00 - TITLE STATEMENT
Title We are all alike-- we are all different /
Statement of responsibility, etc. written and illustrated by the Cheltenham Elementary School kindergartners ; photographs by Laura Dwight.
250 ## - EDITION STATEMENT
Edition statement First Published in 1991
260 ## - PUBLICATION, DISTRIBUTION, ETC.
Place of publication, distribution, etc. New York :
Name of publisher, distributor, etc. Scholastic,
Date of publication, distribution, etc. 1991
300 ## - PHYSICAL DESCRIPTION
Extent 31 pages :
Other physical details color illustrations ;
Dimensions 26 cm.
505 ## - FORMATTED CONTENTS NOTE
Formatted contents note E <br/>
520 ## - SUMMARY, ETC.
Summary, etc. Kindergarten children describe the likenesses and differences among themselves.
521 ## - TARGET AUDIENCE NOTE
Target audience note 200 <br/>
Source Lexile <br/>
521 ## - TARGET AUDIENCE NOTE
Target audience note E <br/>
Source Raz-Plus <br/>
650 #0 - SUBJECT ADDED ENTRY--TOPICAL TERM
Topical term or geographic name entry element School children
General subdivision Juvenile literature.
650 #0 - SUBJECT ADDED ENTRY--TOPICAL TERM
Topical term or geographic name entry element Multicultural education
General subdivision Juvenile literature.
650 #1 - SUBJECT ADDED ENTRY--TOPICAL TERM
Topical term or geographic name entry element Individuality.
650 #1 - SUBJECT ADDED ENTRY--TOPICAL TERM
Topical term or geographic name entry element Children's writings.
650 #1 - SUBJECT ADDED ENTRY--TOPICAL TERM
Topical term or geographic name entry element Children's art.
700 1# - ADDED ENTRY--PERSONAL NAME
Personal name Dwight, Laura
Relator term photographer
906 ## - LOCAL DATA ELEMENT F, LDF (RLIN)
a 7
b cbc
c orignew
d 1
e ocip
f 19
g y-gencatlg
942 ## - ADDED ENTRY ELEMENTS (KOHA)
Source of classification or shelving scheme Dewey Decimal Classification
Koha item type Books
Suppress in OPAC No
999 ## -
-- 2877
-- 2877
Holdings
Withdrawn status Lost status Source of classification or shelving scheme Damaged status Not for loan Collection Home library Current library Shelving location Date acquired Total Checkouts Full call number Barcode Date last seen Date last checked out Price effective from Koha item type
    Dewey Decimal Classification     Juvenile Fiction Footprints International School Library Network Toul Kork Campus Footprints International School Library Network Toul Kork Campus   01/19/2024 2 CHE 307.196 LC208.W4 FISBK05579 03/21/2024 03/04/2024 01/19/2024 Books